Histoire - Lettre A - Statistiques

Statistiques générales
  • Ce quiz a été pris 917 fois
  • Le résultat moyen est 5 sur 15
Statistiques - réponses
Définition Réponse % Correct
Héros de la guerre de Troie qui tue Hector Achille
83%
Célèbre roi de Macédoine (-356/-323) Alexandre le Grand
77%
Civilisation du roi Itzcoatl Aztèque
77%
Benjamine des filles de Nicolas II de Russie Anastasia
62%
Chef tribal opposé à l'Empire romain (395/453) Attila
58%
Pharaon de la XVIIIè dynastie, père de Toutankhâmon Amenhotep IV
46%
Ville du Rijksmuseum, construit en 1885 Amsterdam
38%
Ancien empire de Hailé Selassié Abyssinie
23%
Ancien empire, dont Ninive était la capitale Assyrie
23%
Religion issue du christianisme fondée en 1534 Anglicanisme
22%
Premier homme à atteindre le pôle Sud en 1911 Amundsen
21%
Fameux complexe construit par Suryavarman II Angkor
16%
Philosophe grec, théoricien du concept d'apeiron Anaximandre de Milet
1%
Monnaie d'une ancienne colonie française (1897-1956) Ariary
1%
Mouvement musulman indien de la fin du XIXème siècle Ahmadisme
0%
Aucun quiz correspondant
Distribution des résultats
% des personnes avec chaque résultat
Percentile par nombre de réponses
Votre historique - résultats
Vous n’avez pas pris ce quiz